000 00686nam a2200217Ia 4500
003 GCL
008 140319s9999 xx 000 0 ara d
020 _a4926081977
040 _aGCL /
_cGCL
082 0 4 _a810.8035
_bر ت
100 1 _aرجاء النقاش
245 1 0 _aتاملات فى الانسان /
_cرجاء النقاش
250 _aالعاشرة
260 _aالقاهرة :
_bأطلس للنشر والانتاج الاعلامى ،
_c2004
300 _a208 ص ؛
_c24 سم
650 0 4 _aالادب العربى
650 0 4 _aالقيم الاخلاقية
650 0 4 _aالادب والمجتمع
650 0 4 _aالادب والاخلاق
942 _2ddc
_cBK
999 _c9378
_d9378